000 00840nam a22002657a 4500
001 4620
003 FISKH
005 20250827130306.0
008 240918b cb ||||| |||| 00| 0 eng d
040 _aFISKH
_beng
_cFISKH
_dFISKH
050 _aPZ7
082 _a950
100 _aCoupe, Robert
245 _aThe silk road /
_cRobert Coupe
260 _aSydney :
_bWeldon Owen,
_c2008.
300 _a32 pages :
_bcolor illustrations ;
_c23 cm
490 _aTopReaders
505 _aR
520 _aThe ancient Chinese were the first to make silk. Chinese travelers took silk to other countries and traded it for other products. The route they followed is now known as the "Silk Road" .
521 8 _a710
_bLexile
521 8 _aR
_bRaz-Plus
650 _aEducation
_vHistory
942 _2ddc
_cBK
_n0
999 _c4620
_d4620